| 000 | 00485nam a22001817a 4500 | ||
|---|---|---|---|
| 005 | 20250715164514.0 | ||
| 008 | 250715b |||||||| |||| 00| 0 eng d | ||
| 020 | _a0-74867-8582-5 | ||
| 050 |
_aLB 2395 .M94 2004 _b1O9206 |
||
| 100 | _aMYERS BILL | ||
| 245 | _aTHE ESSENTIALS | ||
| 260 |
_aLONDON _bNELS0N THOMES _c2004 |
||
| 300 | _aIII-314P. | ||
| 500 | _aIT HAS REFERENCES,BIBLIOGRAPHY AND INDEX | ||
| 650 | _aCOMMUNICATION SKILLS | ||
| 700 | _aMYERS BILL | ||
| 942 |
_2lcc _cBK |
||
| 999 |
_c215897 _d215897 |
||